Представление документа в формате RUSMARC

ПолеНазваниеЗначение
  Тип записи a
  Библиографический уровень a
001 Контрольный номер UONB/MAIN/db8f206c8ad94a9bbd4a650c990067b5
005 Дата корректировки 20260408154835.7
100 Данные общей обработки __
a Данные общей обработки 20260408 ||| 0rusy0189 ca
101 Язык документа 0_
a Язык текста rus
102 Страна публикации __
a Страна публикации RU
200 Заглавие и сведения об ответственности 1_
a Заглавие Её трудовой стаж - 45 лет
f Первые сведения об ответственности О. Кузнецова
203 Вид содержания и тип средства __
a Вид содержания Текст
b Характеристика содержания визуальный
c Тип средства непосредственный
215 Физическое описание __
c Иллюстрации/тип воспроизводства ил., портр.
330 Аннотация __
a Аннотация Мария Евсеевна Башаева - труженица тыла, жительница с. Старый Пичеур.
461 Уровень набора _0
1 2000
a Искра
463 Уровень физической единицы _0
1 2000
a № 13 (9952) (1 апреля)
v С. 8
1 2101
d 2026
1 001UONB/MAIN/17bde1f8cdec4a74bb888b7201e667e1
600 Персоналии _1
a Персоналии (Фамилия) Башаева
b Персоналии (Имя, инициалы) М. Е.
g Полное имя Мария Евсеевна
607 Географические рубрики __
a Географическое наименование Старый Пичеур, село (Павловский район ; Ульяновская область)
610 Ключевые слова 0_
a Ключевые слова труженики тыла; дети войны; ветераны труда; долгожители
686 Индексы других классификаций __
2 Код системы rubbk
a Классификационный индекс 63.372.278
700 Автор _1
a Фамилия Кузнецова
b Имя (инициалы) О.
g Полное личное имя Ольга
801 Источник записи _0
a Страна RU
b Организация Ульяновская ОНБ
c Дата составления 20260408
g Правила каталогизации RCR
801 Источник записи _1
a Страна RU
b Организация Ульяновская ОНБ
c Дата составления 20260408
g Правила каталогизации RCR
901 Тип документа __
t Тип документа f
w Контрольный № источника UONB/MAIN/17bde1f8cdec4a74bb888b7201e667e1
909 Создатель записи __
a Создатель записи Мухаметжанова
b Дата создания записи 20260408